000 00255nam a2200097Ia 4500
001 1207668
005 20250827022830.0
008 250824s9999 xx 000 0 und d
245 0 _aGÖZYAŞLARIM İFTİHARLA SUNAR
_cMURAT TAVLI
260 _bDESTEK YAYINLARI
999 _c1207668
_d1207668